[Event "PMPJ 2022 - C17"]
[Site "Jastrzebia Gora"]
[Date "2022.11.09"]
[Round "5.3"]
[White "Madajczak, Piotr"]
[Black "Zeissel, Andrzej"]
[Result "1/2-1/2"]
[BlackElo "1654"]
[WhiteElo "1902"]
[LiveChessVersion "1.4.8"]

1. d4 {[%clk 1:30:53]} Nf6 {[%clk 1:30:38]} 2. c4 {[%clk 1:31:03]} b6
{[%clk 1:31:04]} 3. Nc3 {[%clk 1:31:03]} Bb7 {[%clk 1:31:30]} 4. Nf3
{[%clk 1:31:00]} e6 {[%clk 1:31:48]} 5. g3 {[%clk 1:29:17]} d5 {[%clk 1:29:10]}
6. cxd5 {[%clk 1:27:06]} Nxd5 {[%clk 1:29:33]} 7. Bg2 {[%clk 1:25:19]} Nd7
{[%clk 1:26:42]} 8. O-O {[%clk 1:23:07]} c5 {[%clk 1:18:20]} 9. Nxd5
{[%clk 1:05:11]} Bxd5 {[%clk 1:17:07]} 10. b3 {[%clk 1:04:30]} Be7
{[%clk 1:12:15]} 11. Bb2 {[%clk 1:03:05]} Bf6 {[%clk 1:10:45]} 12. Qd2
{[%clk 0:58:54]} O-O {[%clk 1:07:50]} 13. Rfd1 {[%clk 0:57:58]} Qc7
{[%clk 0:58:05]} 14. Rac1 {[%clk 0:48:59]} Qb7 {[%clk 0:56:48]} 15. dxc5
{[%clk 0:33:20]} Nxc5 {[%clk 0:50:28]} 16. Bxf6 {[%clk 0:29:06]} Ne4
{[%clk 0:49:45]} 17. Qf4 {[%clk 0:29:25]} Nxf6 {[%clk 0:50:08]} 18. Rd2
{[%clk 0:27:22]} Rac8 {[%clk 0:47:27]} 19. Rdc2 {[%clk 0:26:53]} Rxc2
{[%clk 0:45:00]} 20. Rxc2 {[%clk 0:27:22]} Rc8 {[%clk 0:45:20]} 21. Qc1
{[%clk 0:27:25]} Rxc2 {[%clk 0:45:30]} 22. Qxc2 {[%clk 0:27:53]} Qc6
{[%clk 0:45:27]} 23. Qxc6 {[%clk 0:27:28]} Bxc6 {[%clk 0:45:52]} 24. Nd4
{[%clk 0:25:05]} Bxg2 {[%clk 0:42:53]} 25. Kxg2 {[%clk 0:25:32]} Kf8
{[%clk 0:37:55]} 26. Kf3 {[%clk 0:23:50]} a5 {[%clk 0:29:01]} 27. e4
{[%clk 0:22:25]} Nd7 {[%clk 0:22:25]} 28. Nc6 {[%clk 0:21:10]} Nc5
{[%clk 0:21:20]} 29. Ke3 {[%clk 0:20:18]} Ke8 {[%clk 0:20:36]} 30. Ne5
{[%clk 0:19:10]} a4 {[%clk 0:19:03]} 31. bxa4 {[%clk 0:14:04]} f6
{[%clk 0:16:24]} 32. Nd3 {[%clk 0:11:28]} Nxa4 {[%clk 0:15:47]} 33. Kd4
{[%clk 0:11:40]} Kd7 {[%clk 0:14:44]} 34. f4 {[%clk 0:07:43]} Kc6
{[%clk 0:12:42]} 35. g4 {[%clk 0:07:10]} g6 {[%clk 0:06:37]} 36. h4
{[%clk 0:06:02]} h5 {[%clk 0:04:56]} 37. g5 {[%clk 0:06:11]} e5+ {[%clk 0:05:10]}
38. fxe5 {[%clk 0:04:10]} fxg5 {[%clk 0:05:29]} 39. hxg5 {[%clk 0:04:37]} h4
{[%clk 0:03:21]} 40. Nf4 {[%clk 0:05:00]} Nc5 {[%clk 0:03:36]} 41. Ke3
{[%clk 0:04:01]} Kd7 {[%clk 0:03:18]} 42. Kf3 {[%clk 0:02:00]} Ne6
{[%clk 0:03:10]} 43. Nh3 {[%clk 0:02:02]} Nd4+ {[%clk 0:03:03]} 44. Kg4
{[%clk 0:02:21]} Ke6 {[%clk 0:02:32]} 45. Nf4+ {[%clk 0:02:32]} Kxe5
{[%clk 0:02:44]} 46. Nxg6+ {[%clk 0:02:56]} Kxe4 {[%clk 0:03:00]} 47. Nxh4
{[%clk 0:03:12]} Nc6 {[%clk 0:03:05]} 48. Kh5 {[%clk 0:02:43]} Ne5
{[%clk 0:02:52]} 49. Ng6 {[%clk 0:01:40]} Nf3 {[%clk 0:02:35]} 50. Ne7
{[%clk 0:01:55]} Nxg5 {[%clk 0:02:48]} 51. Kxg5 {[%clk 0:02:22]} Kd4
{[%clk 0:03:09]} 52. Kf4 {[%clk 0:01:05]} Kc3 {[%clk 0:03:19]} 53. Nd5+
{[%clk 0:00:58]} Kb2 {[%clk 0:03:07]} 54. a4 {[%clk 0:01:13]} Kb3
{[%clk 0:03:32]} 55. Nxb6 {[%clk 0:01:36]} Kb4 {[%clk 0:04:00]} 56. Ke5
{[%clk 0:01:58]} Ka5 {[%clk 0:04:25]} 57. Kd6 {[%clk 0:02:14]} Kxb6
{[%clk 0:04:48]} 58. a5+ {[%clk 0:02:41]} Kxa5 {[%clk 0:05:15]} 1/2-1/2

[Event "PMPJ 2022 - C17"]
[Site "Jastrzebia Gora"]
[Date "2022.11.09"]
[Round "5.4"]
[White "Kotowicz, Kamil"]
[Black "Krasniewski, Szymon"]
[Result "0-1"]
[BlackElo "1645"]
[WhiteElo "1775"]
[LiveChessVersion "1.4.8"]

1. d4 {[%clk 1:30:46]} Nf6 {[%clk 1:30:56]} 2. c4 {[%clk 1:31:10]} g6
{[%clk 1:31:22]} 3. Nc3 {[%clk 1:31:36]} Bg7 {[%clk 1:31:48]} 4. e4
{[%clk 1:32:01]} d6 {[%clk 1:32:14]} 5. Be2 {[%clk 1:32:09]} O-O {[%clk 1:32:36]}
6. Bg5 {[%clk 1:32:34]} h6 {[%clk 1:32:14]} 7. Be3 {[%clk 1:32:35]} e5
{[%clk 1:29:34]} 8. d5 {[%clk 1:27:03]} a5 {[%clk 1:27:57]} 9. f3
{[%clk 1:25:58]} Na6 {[%clk 1:26:07]} 10. Qd2 {[%clk 1:23:37]} Kh7
{[%clk 1:26:25]} 11. g4 {[%clk 1:20:49]} Nc5 {[%clk 1:25:08]} 12. O-O-O
{[%clk 1:16:11]} a4 {[%clk 1:15:26]} 13. g5 {[%clk 1:11:14]} Nh5 14. gxh6
{[%clk 1:06:37]} Bf6 {[%clk 1:11:37]} 15. Bf1 {[%clk 1:04:25]} Nf4
{[%clk 1:09:32]} 16. h4 {[%clk 1:01:09]} Bd7 {[%clk 1:03:45]} 17. Bh3
{[%clk 0:51:34]} Nxh3 {[%clk 0:44:11]} 18. Nxh3 {[%clk 0:51:02]} Bxh3
{[%clk 0:41:19]} 19. Rxh3 {[%clk 0:51:11]} Bxh4 {[%clk 0:37:01]} 20. Qg2
{[%clk 0:44:17]} Bf6 {[%clk 0:30:23]} 21. Nb5 {[%clk 0:37:01]} Qd7
{[%clk 0:22:30]} 22. Rhh1 {[%clk 0:35:04]} Ra5 {[%clk 0:14:14]} 23. Kb1
{[%clk 0:26:15]} Be7 {[%clk 0:07:34]} 24. Qd2 {[%clk 0:19:05]} Ra6
{[%clk 0:06:49]} 25. Kc2 {[%clk 0:11:24]} Rd8 {[%clk 0:02:19]} 26. Bxc5
{[%clk 0:08:09]} dxc5 {[%clk 0:02:45]} 27. d6 {[%clk 0:08:04]} cxd6
{[%clk 0:00:42]} 28. Qd5 {[%clk 0:07:36]} Bf8 {[%clk 0:00:43]} 29. Rd3
{[%clk 0:06:03]} Rb6 {[%clk 0:00:38]} 30. Rhd1 {[%clk 0:05:54]} Qe6
{[%clk 0:00:34]} 31. Qxe6 {[%clk 0:03:55]} fxe6 {[%clk 0:01:02]} 32. Nc7
{[%clk 0:03:51]} Be7 {[%clk 0:00:32]} 33. Nxe6 {[%clk 0:04:10]} Rg8
{[%clk 0:00:41]} 34. Rh1 {[%clk 0:03:02]} Rc6 {[%clk 0:00:42]} 35. Rd2
{[%clk 0:02:32]} Bf6 {[%clk 0:00:44]} 36. Rg2 {[%clk 0:01:34]} Re8
{[%clk 0:00:39]} 37. Ng5+ {[%clk 0:01:43]} Bxg5 {[%clk 0:01:03]} 38. Rxg5
{[%clk 0:02:09]} Rf8 {[%clk 0:00:42]} 39. Rh3 {[%clk 0:01:00]} Rf6
{[%clk 0:00:42]} 40. Rgg3 {[%clk 0:00:58]} Rb6 {[%clk 0:00:47]} 41. b3
{[%clk 0:00:48]} axb3+ {[%clk 0:01:11]} 42. axb3 {[%clk 0:01:17]} Ra6
{[%clk 0:01:30]} 43. Kb2 {[%clk 0:01:12]} b5 {[%clk 0:00:50]} 44. cxb5
{[%clk 0:01:08]} Rb6 {[%clk 0:01:15]} 45. Rg1 {[%clk 0:01:23]} Rxb5
{[%clk 0:01:04]} 46. Ra1 {[%clk 0:01:26]} Rb7 {[%clk 0:01:17]} 47. Kc3
{[%clk 0:01:29]} Rbf7 {[%clk 0:01:07]} 48. Kc4 {[%clk 0:00:34]} Rxf3
{[%clk 0:01:31]} 49. Rxf3 {[%clk 0:00:46]} Rxf3 {[%clk 0:01:59]} 50. Ra6
{[%clk 0:00:45]} Rf6 {[%clk 0:01:59]} 51. Kd5 {[%clk 0:00:55]} g5
{[%clk 0:01:47]} 52. Ra1 {[%clk 0:00:34]} Kxh6 {[%clk 0:02:09]} 53. Rh1+
{[%clk 0:00:50]} Kg7 {[%clk 0:02:33]} 54. Rg1 {[%clk 0:00:50]} Rg6
{[%clk 0:02:55]} 55. Rg4 {[%clk 0:01:16]} Kh6 {[%clk 0:03:04]} 56. Kc4
{[%clk 0:01:03]} Kh5 {[%clk 0:03:29]} 57. Rg1 {[%clk 0:01:30]} g4
{[%clk 0:03:15]} 58. Kd3 {[%clk 0:01:55]} g3 {[%clk 0:03:03]} 59. Ke3
{[%clk 0:02:20]} Kg4 {[%clk 0:03:27]} 0-1

[Event "PMPJ 2022 - C17"]
[Site "Jastrzebia Gora"]
[Date "2022.11.09"]
[Round "5.5"]
[White "Biesiadecki, Adam"]
[Black "Smetek, Michal"]
[Result "1/2-1/2"]
[BlackElo "1731"]
[WhiteElo "1706"]
[LiveChessVersion "1.4.8"]

1. d4 Nf6 2. Nf3 c5 3. e3 d5 4. b3 cxd4 5. exd4 Nc6 6. Bb2 Bg4 7. Nbd2 e6 8. Be2
Be7 9. h3 Bh5 10. Ne5 Bxe2 11. Qxe2 O-O 12. O-O Qb6 13. Ndf3 h6 14. Rac1 Rac8 15.
c4 dxc4 16. Nxc6 Qxc6 17. bxc4 Qe4 18. Qd1 Rfe8 19. Re1 Qc6 20. Qb3 Qb6 21. Rcd1
Nd7 22. Re2 Bf6 23. Nd2 Qa6 24. Re4 Red8 25. Rg4 g6 26. c5 Bg7 27. Nc4 Nf6 28.
Rf4 Rd5 29. Nd6 Rc7 30. Qf3 Rf5 31. Nxf5 gxf5 32. Qb3 Rd7 33. Rf3 Qc6 34. Qe3 Ne4
35. g4 Ng5 36. Rg3 fxg4 37. hxg4 e5 38. f4 exf4 39. Qxf4 b6 40. Re3 Rd8 41. Kh2
bxc5 42. Rf1 cxd4 43. Re7 Bf8 44. Ba3 Qd5 45. Re5 Qxa2+ 46. Rf2 Qxa3 47. Rxg5+
hxg5 48. Qxf7+ Kh8 49. Qh5+ Kg8 50. Qxg5+ Kh8 51. Qf6+ Kg8 52. Qg5+ Kh8 53. Qxd8
Qd6+ 54. Qxd6 Bxd6+ 55. Kg2 Bb4 56. Rf4 Bc3 57. Rf7 a5 58. Kf3 d3 59. Rd7 d2 60.
Kf4 Kg8 61. Ke3 1/2-1/2

[Event "PMPJ 2022 - C17"]
[Site "Jastrzebia Gora"]
[Date "2022.11.09"]
[Round "5.6"]
[White "Sternik, Piotr"]
[Black "Choina, Jan"]
[Result "1-0"]
[BlackElo "1554"]
[WhiteElo "1726"]
[LiveChessVersion "1.4.8"]

1. Nf3 {[%clk 1:30:51]} Nf6 {[%clk 1:29:58]} 2. c4 {[%clk 1:30:46]} c5
{[%clk 1:29:23]} 3. d4 {[%clk 1:30:20]} e6 {[%clk 1:26:32]} 4. Nc3
{[%clk 1:25:36]} d5 {[%clk 1:20:38]} 5. cxd5 {[%clk 1:22:16]} Nxd5
{[%clk 1:20:19]} 6. g3 {[%clk 1:08:52]} Nc6 {[%clk 1:04:23]} 7. Nxd5
{[%clk 0:52:02]} Qxd5 {[%clk 1:03:42]} 8. dxc5 {[%clk 0:50:36]} Qxd1+
{[%clk 1:03:07]} 9. Kxd1 {[%clk 0:51:04]} Bxc5 {[%clk 1:03:27]} 10. a3
{[%clk 0:43:26]} O-O {[%clk 1:00:10]} 11. e3 {[%clk 0:38:17]} a6 {[%clk 0:56:37]}
12. b4 {[%clk 0:37:50]} Ba7 {[%clk 0:54:36]} 13. Bd3 {[%clk 0:33:48]} Rd8
{[%clk 0:50:09]} 14. Ke2 {[%clk 0:34:12]} b5 {[%clk 0:50:01]} 15. Bb2
{[%clk 0:33:32]} Bb7 {[%clk 0:49:42]} 16. Rhd1 {[%clk 0:33:01]} Ne7
{[%clk 0:47:55]} 17. Rac1 {[%clk 0:32:30]} Rac8 {[%clk 0:44:03]} 18. Rxc8
{[%clk 0:32:51]} Rxc8 {[%clk 0:43:56]} 19. Ng5 {[%clk 0:32:03]} g6
{[%clk 0:41:33]} 20. Ne4 {[%clk 0:32:16]} Ba8 {[%clk 0:27:08]} 21. Nf6+
{[%clk 0:31:42]} Kg7 {[%clk 0:27:13]} 22. Bb1 {[%clk 0:28:30]} Nc6
{[%clk 0:19:47]} 23. Ng4+ {[%clk 0:24:09]} Kf8 {[%clk 0:18:44]} 24. Bf6
{[%clk 0:24:07]} Bb6 {[%clk 0:15:53]} 25. Be4 {[%clk 0:16:45]} Nd4+
{[%clk 0:08:27]} 26. Bxd4 {[%clk 0:17:09]} Bxe4 {[%clk 0:08:42]} 27. Bxb6
{[%clk 0:15:02]} Rc2+ {[%clk 0:09:02]} 28. Ke1 {[%clk 0:15:29]} Bf3
{[%clk 0:08:43]} 29. Rd8+ {[%clk 0:14:59]} Ke7 {[%clk 0:08:19]} 30. Ne5
{[%clk 0:14:52]} Be4 {[%clk 0:03:50]} 31. Rd7+ {[%clk 0:14:23]} Kf6
{[%clk 0:04:05]} 32. Bd4 {[%clk 0:14:41]} Kg5 {[%clk 0:00:58]} 33. Rxf7
{[%clk 0:13:30]} Ra2 {[%clk 0:00:36]} 34. h4+ {[%clk 0:13:51]} Kh6
{[%clk 0:00:38]} 35. Ng4+ {[%clk 0:14:16]} 1-0

[Event "PMPJ 2022 - C17"]
[Site "Jastrzebia Gora"]
[Date "2022.11.09"]
[Round "5.7"]
[White "Mikula, Maciej"]
[Black "Melerowicz, Dominik"]
[Result "0-1"]
[BlackElo "1850"]
[WhiteElo "1748"]
[LiveChessVersion "1.4.8"]

1. e4 {[%clk 1:30:46]} c5 {[%clk 1:30:54]} 2. Nf3 {[%clk 1:30:40]} d6
{[%clk 1:31:16]} 3. d4 {[%clk 1:30:32]} cxd4 {[%clk 1:31:37]} 4. Nxd4
{[%clk 1:30:38]} Nf6 {[%clk 1:31:59]} 5. Nc3 {[%clk 1:30:31]} a6 {[%clk 1:32:22]}
6. Qf3 {[%clk 1:29:30]} g6 {[%clk 1:29:59]} 7. h3 {[%clk 1:29:13]} Bg7
{[%clk 1:29:40]} 8. Be3 {[%clk 1:29:14]} O-O {[%clk 1:27:24]} 9. O-O-O
{[%clk 1:29:06]} Qc7 {[%clk 1:25:07]} 10. g4 {[%clk 1:25:56]} e5 {[%clk 1:14:41]}
11. Nb3 {[%clk 1:24:42]} Be6 {[%clk 1:14:54]} 12. g5 {[%clk 1:21:13]} Nh5
{[%clk 1:14:13]} 13. Kb1 {[%clk 1:16:05]} b5 {[%clk 1:05:50]} 14. h4
{[%clk 1:10:08]} b4 {[%clk 1:02:43]} 15. Nd5 {[%clk 0:57:18]} Bxd5
{[%clk 1:02:56]} 16. Rxd5 {[%clk 0:57:28]} a5 {[%clk 1:02:39]} 17. Nd2
{[%clk 0:46:49]} a4 {[%clk 0:53:57]} 18. Nc4 {[%clk 0:39:39]} Ra6
{[%clk 0:52:50]} 19. Qd1 {[%clk 0:35:30]} Rd8 {[%clk 0:40:08]} 20. Rb5
{[%clk 0:31:20]} Nc6 {[%clk 0:33:16]} 21. Bb6 {[%clk 0:27:22]} Rxb6
{[%clk 0:33:19]} 22. Rxb6 {[%clk 0:26:17]} Nf4 {[%clk 0:32:24]} 23. Rb5
{[%clk 0:21:13]} a3 {[%clk 0:31:32]} 24. Nb6 {[%clk 0:19:01]} Qa7
{[%clk 0:27:54]} 25. Nd5 {[%clk 0:16:32]} Qxf2 {[%clk 0:26:07]} 26. Bc4
{[%clk 0:16:05]} axb2 {[%clk 0:23:07]} 27. Rb7 {[%clk 0:15:32]} Na5
{[%clk 0:20:50]} 28. Rxb4 {[%clk 0:14:23]} Qc5 {[%clk 0:18:07]} 29. Rb5
{[%clk 0:12:02]} Qxc4 {[%clk 0:18:01]} 30. Rxa5 {[%clk 0:12:15]} Qxe4
{[%clk 0:18:14]} 31. Re1 {[%clk 0:04:46]} Qc4 {[%clk 0:14:36]} 32. Nxf4
{[%clk 0:04:36]} Qxf4 {[%clk 0:13:32]} 33. Rf1 {[%clk 0:03:52]} Qc4
{[%clk 0:13:11]} 34. Ra7 {[%clk 0:03:33]} Rf8 {[%clk 0:13:25]} 35. h5
{[%clk 0:02:27]} gxh5 {[%clk 0:10:55]} 36. Rh1 {[%clk 0:01:17]} Rc8
{[%clk 0:08:30]} 37. Rxh5 {[%clk 0:00:33]} e4 {[%clk 0:08:41]} 38. Rh2
{[%clk 0:00:35]} d5 {[%clk 0:07:17]} 39. Rf2 {[%clk 0:00:35]} Qd4
{[%clk 0:07:14]} 40. Qxd4 {[%clk 0:00:48]} Bxd4 {[%clk 0:07:40]} 41. Raxf7
{[%clk 0:00:54]} Bxf2 {[%clk 0:08:04]} 42. Rxf2 {[%clk 0:01:20]} e3
{[%clk 0:05:48]} 43. Re2 {[%clk 0:01:35]} d4 {[%clk 0:06:15]} 44. Kxb2
{[%clk 0:01:52]} Kg7 {[%clk 0:06:41]} 45. Kb3 {[%clk 0:00:34]} Kg6
{[%clk 0:07:04]} 46. a4 {[%clk 0:00:45]} Kxg5 {[%clk 0:07:22]} 47. a5
{[%clk 0:01:08]} Kf4 {[%clk 0:07:49]} 48. Rh2 {[%clk 0:01:14]} Rc7
{[%clk 0:08:07]} 49. a6 {[%clk 0:00:52]} Kg3 {[%clk 0:08:07]} 50. Rh1
{[%clk 0:01:04]} e2 {[%clk 0:08:30]} 51. Ra1 {[%clk 0:00:56]} Kf2
{[%clk 0:08:52]} 52. a7 {[%clk 0:01:22]} Rxa7 {[%clk 0:09:15]} 53. Rxa7
{[%clk 0:01:46]} e1=Q {[%clk 0:09:39]} 54. Rf7+ {[%clk 0:02:09]} Kg3
{[%clk 0:09:57]} 55. Rxh7 {[%clk 0:02:16]} Qc3+ {[%clk 0:10:20]} 56. Ka2
{[%clk 0:02:43]} Qxc2+ {[%clk 0:10:43]} 57. Ka1 {[%clk 0:03:09]} Qxh7
{[%clk 0:11:06]} 0-1

[Event "PMPJ 2022 - C17"]
[Site "Jastrzebia Gora"]
[Date "2022.11.09"]
[Round "5.8"]
[White "Kietrys, Maciej"]
[Black "Hury, Tymoteusz"]
[Result "1/2-1/2"]
[BlackElo "1710"]
[WhiteElo "1847"]
[LiveChessVersion "1.4.8"]

1. e4 {[%clk 1:30:57]} e5 {[%clk 1:30:57]} 2. Nf3 {[%clk 1:31:23]} Nc6
{[%clk 1:31:22]} 3. Bc4 {[%clk 1:31:44]} Nf6 {[%clk 1:31:47]} 4. d3
{[%clk 1:32:03]} h6 {[%clk 1:31:41]} 5. c3 {[%clk 1:29:43]} d6 {[%clk 1:31:51]}
6. Nbd2 {[%clk 1:29:18]} g5 {[%clk 1:31:22]} 7. h3 {[%clk 1:28:00]} Bg7
{[%clk 1:25:14]} 8. Nf1 {[%clk 1:27:15]} g4 {[%clk 1:23:36]} 9. hxg4
{[%clk 1:27:29]} Bxg4 {[%clk 1:23:59]} 10. Ne3 {[%clk 1:27:31]} Qd7
{[%clk 1:17:11]} 11. Nxg4 {[%clk 1:26:44]} Nxg4 {[%clk 1:17:11]} 12. Nh4
{[%clk 1:27:01]} Nf6 {[%clk 0:59:56]} 13. Nf5 {[%clk 1:26:59]} Bf8
{[%clk 0:58:43]} 14. Qf3 {[%clk 1:25:14]} Ng8 {[%clk 0:54:18]} 15. g4
{[%clk 1:24:11]} Na5 {[%clk 0:46:17]} 16. Be3 {[%clk 1:21:39]} Nxc4
{[%clk 0:45:12]} 17. dxc4 {[%clk 1:22:06]} Qe6 {[%clk 0:32:25]} 18. b3
{[%clk 1:21:04]} O-O-O {[%clk 0:30:49]} 19. g5 {[%clk 1:20:16]} Rd7
{[%clk 0:25:47]} 20. O-O-O {[%clk 1:19:52]} Ne7 {[%clk 0:22:43]} 21. Nxh6
{[%clk 1:18:50]} Bxh6 {[%clk 0:19:27]} 22. Rxh6 {[%clk 1:18:40]} Ng6
{[%clk 0:17:11]} 23. Qf5 {[%clk 1:17:29]} Qe7 {[%clk 0:12:53]} 24. Rdh1
{[%clk 1:13:33]} Rg8 {[%clk 0:12:35]} 25. Rh7 {[%clk 1:12:14]} b6
{[%clk 0:08:36]} 26. Qf6 {[%clk 1:08:25]} Kb7 {[%clk 0:04:51]} 27. Rg7
{[%clk 1:07:05]} Rxg7 {[%clk 0:04:45]} 28. Qxg7 {[%clk 1:07:29]} Qf8
{[%clk 0:03:51]} 29. Qxf8 {[%clk 1:07:02]} Nxf8 {[%clk 0:04:14]} 30. Kd2
{[%clk 1:07:12]} Ng6 {[%clk 0:03:59]} 31. Ke2 {[%clk 1:07:38]} Rd8
{[%clk 0:03:22]} 32. Kf3 {[%clk 1:07:41]} Kc6 {[%clk 0:03:26]} 33. Kg4
{[%clk 1:05:41]} Kd7 {[%clk 0:03:22]} 34. Kf5 {[%clk 1:04:22]} Ke7
{[%clk 0:03:38]} 35. f4 {[%clk 1:02:57]} exf4 {[%clk 0:02:41]} 36. Bxf4
{[%clk 1:03:15]} Kf8 {[%clk 0:00:31]} 37. Re1 {[%clk 0:59:39]} Re8
{[%clk 0:00:37]} 38. e5 {[%clk 0:54:02]} Nh4+ {[%clk 0:00:49]} 39. Kg4
{[%clk 0:46:17]} Ng6 {[%clk 0:01:13]} 40. Kf5 {[%clk 0:37:45]} Nh4+
{[%clk 0:01:37]} 41. Kg4 {[%clk 0:23:41]} 1/2-1/2

[Event "PMPJ 2022 - C17"]
[Site "Jastrzebia Gora"]
[Date "2022.11.09"]
[Round "5.9"]
[White "Dysko, Michal"]
[Black "Kaczmarek, Jan"]
[Result "1-0"]
[BlackElo "1786"]
[WhiteElo "1554"]
[LiveChessVersion "1.4.8"]

1. e4 {[%clk 1:30:42]} c5 {[%clk 1:30:54]} 2. Nf3 {[%clk 1:30:49]} g6
{[%clk 1:31:17]} 3. d4 {[%clk 1:30:58]} cxd4 {[%clk 1:31:42]} 4. Qxd4
{[%clk 1:31:20]} Nf6 {[%clk 1:32:06]} 5. Nc3 {[%clk 1:31:28]} Nc6
{[%clk 1:31:43]} 6. Qa4 {[%clk 1:31:45]} d6 {[%clk 1:31:30]} 7. e5
{[%clk 1:31:15]} dxe5 {[%clk 1:31:51]} 8. Nxe5 {[%clk 1:31:38]} Bd7
{[%clk 1:32:17]} 9. Nxd7 {[%clk 1:31:38]} Qxd7 {[%clk 1:32:22]} 10. Be3
{[%clk 1:31:14]} Bg7 {[%clk 1:30:41]} 11. Rd1 {[%clk 1:30:52]} Qg4
{[%clk 1:30:09]} 12. Rd4 {[%clk 1:30:59]} Qc8 {[%clk 1:22:02]} 13. Bb5
{[%clk 1:27:57]} O-O {[%clk 1:21:11]} 14. Bxc6 {[%clk 1:27:47]} bxc6
{[%clk 1:19:41]} 15. O-O {[%clk 1:26:27]} Rb8 {[%clk 1:09:36]} 16. b3
{[%clk 1:22:24]} Qf5 {[%clk 0:53:40]} 17. Rc4 {[%clk 1:15:57]} Nd5
{[%clk 0:45:49]} 18. Nxd5 {[%clk 0:51:33]} cxd5 {[%clk 0:46:13]} 19. Rc7
{[%clk 0:51:49]} e5 {[%clk 0:37:28]} 20. Bxa7 {[%clk 0:45:59]} Rbc8
{[%clk 0:36:48]} 21. Rxc8 {[%clk 0:21:34]} Rxc8 {[%clk 0:37:07]} 22. c4
{[%clk 0:22:01]} d4 {[%clk 0:32:08]} 23. b4 {[%clk 0:22:29]} e4 {[%clk 0:30:08]}
24. b5 {[%clk 0:21:09]} Qd7 {[%clk 0:25:09]} 25. c5 {[%clk 0:19:58]} e3
{[%clk 0:19:52]} 26. c6 {[%clk 0:16:41]} Qd5 {[%clk 0:17:10]} 27. fxe3
{[%clk 0:14:45]} dxe3 {[%clk 0:17:18]} 28. Bxe3 {[%clk 0:13:57]} Re8
{[%clk 0:17:31]} 29. Rd1 {[%clk 0:08:55]} Qe6 {[%clk 0:15:59]} 30. Qb3
{[%clk 0:08:10]} 1-0

[Event "PMPJ 2022 - C17"]
[Site "Jastrzebia Gora"]
[Date "2022.11.09"]
[Round "5.10"]
[White "Czarniecki, Pawel"]
[Black "Kossowski, Pawel"]
[Result "0-1"]
[BlackElo "1773"]
[WhiteElo "1524"]
[LiveChessVersion "1.4.8"]

1. e4 {[%clk 1:30:58]} e5 {[%clk 1:30:54]} 2. Nf3 {[%clk 1:31:25]} Nc6
{[%clk 1:31:09]} 3. d4 {[%clk 1:31:51]} exd4 {[%clk 1:31:24]} 4. Nxd4
{[%clk 1:32:18]} Bc5 {[%clk 1:31:43]} 5. Be3 {[%clk 1:32:43]} Qf6
{[%clk 1:32:02]} 6. c3 {[%clk 1:33:09]} Nge7 {[%clk 1:30:47]} 7. Bc4
{[%clk 1:33:33]} b6 {[%clk 1:28:47]} 8. O-O {[%clk 1:32:40]} Bb7 {[%clk 1:28:29]}
9. Nb5 {[%clk 1:27:04]} O-O-O {[%clk 1:24:59]} 10. Bxc5 {[%clk 1:22:43]} bxc5
{[%clk 1:25:21]} 11. f4 {[%clk 1:17:00]} a6 {[%clk 1:15:15]} 12. N5a3
{[%clk 1:16:59]} Na5 {[%clk 1:13:47]} 13. Bd5 {[%clk 0:59:30]} Nxd5
{[%clk 1:05:52]} 14. exd5 {[%clk 0:59:53]} c4 {[%clk 1:06:00]} 15. Qd2
{[%clk 0:51:11]} Qb6+ {[%clk 1:04:17]} 16. Kh1 {[%clk 0:50:53]} Rhe8
{[%clk 1:01:13]} 17. Nc2 {[%clk 0:43:31]} Qxb2 {[%clk 0:53:54]} 18. Nba3
{[%clk 0:43:53]} Qb6 {[%clk 0:53:21]} 19. Rab1 {[%clk 0:44:17]} Qc5
{[%clk 0:52:20]} 20. Nb4 {[%clk 0:44:14]} Re4 {[%clk 0:48:45]} 21. Qb2
{[%clk 0:39:17]} d6 {[%clk 0:45:57]} 22. Qd2 {[%clk 0:29:59]} Qe3
{[%clk 0:44:08]} 23. Qc2 {[%clk 0:27:55]} Rde8 {[%clk 0:42:16]} 24. Qa4
{[%clk 0:24:27]} Qc5 {[%clk 0:40:38]} 25. Rbd1 {[%clk 0:24:19]} Kd8
{[%clk 0:34:45]} 26. Nac2 {[%clk 0:22:37]} g6 {[%clk 0:22:29]} 27. h3
{[%clk 0:18:12]} Ke7 {[%clk 0:20:33]} 28. f5 {[%clk 0:16:54]} Qb5
{[%clk 0:16:11]} 29. Qxb5 {[%clk 0:15:20]} axb5 {[%clk 0:16:32]} 30. Nd4
{[%clk 0:15:43]} g5 {[%clk 0:14:36]} 31. Nxb5 {[%clk 0:14:14]} Kd7
{[%clk 0:14:29]} 32. Kh2 {[%clk 0:11:33]} Re3 {[%clk 0:13:41]} 33. Rd4
{[%clk 0:10:54]} R8e5 {[%clk 0:11:51]} 34. Rf2 {[%clk 0:09:38]} h5
{[%clk 0:11:56]} 35. g4 {[%clk 0:07:30]} h4 {[%clk 0:11:55]} 36. Rdd2
{[%clk 0:05:32]} Re1 {[%clk 0:08:24]} 37. Kg2 {[%clk 0:04:30]} Ba8
{[%clk 0:07:45]} 38. Kh2 {[%clk 0:03:43]} Rb1 {[%clk 0:05:18]} 39. Na3
{[%clk 0:02:56]} Rc1 {[%clk 0:05:09]} 40. Nb5 {[%clk 0:02:59]} Ree1
{[%clk 0:04:17]} 41. Rf3 {[%clk 0:01:54]} Rh1+ {[%clk 0:03:50]} 42. Kg2
{[%clk 0:02:20]} Rcg1+ {[%clk 0:03:59]} 43. Kf2 {[%clk 0:02:45]} Rf1+
{[%clk 0:03:45]} 44. Kg2 {[%clk 0:01:41]} Rxf3 {[%clk 0:04:09]} 45. Kxh1
{[%clk 0:01:32]} Rxh3+ {[%clk 0:04:32]} 46. Rh2 {[%clk 0:01:40]} Re3
{[%clk 0:04:41]} 47. Rd2 {[%clk 0:01:31]} Rh3+ {[%clk 0:03:52]} 48. Rh2
{[%clk 0:01:54]} Rg3 {[%clk 0:03:57]} 49. Rg2 {[%clk 0:02:17]} Rxg2
{[%clk 0:03:46]} 50. Kxg2 {[%clk 0:02:43]} c5 {[%clk 0:03:51]} 51. Nc2
{[%clk 0:02:19]} Bxd5+ {[%clk 0:03:50]} 52. Kh3 {[%clk 0:02:29]} Be4
{[%clk 0:03:19]} 53. Ne3 {[%clk 0:02:39]} d5 {[%clk 0:03:31]} 54. Na3
{[%clk 0:02:42]} Kd6 {[%clk 0:02:59]} 55. Kh2 {[%clk 0:02:35]} Ke5
{[%clk 0:03:13]} 56. Kh3 {[%clk 0:02:58]} Kf4 {[%clk 0:03:02]} 57. Nf1
{[%clk 0:02:31]} Bf3 {[%clk 0:03:04]} 58. Nh2 {[%clk 0:02:51]} Be2
{[%clk 0:03:09]} 59. Nb5 {[%clk 0:03:07]} Nb7 {[%clk 0:02:16]} 60. a4
{[%clk 0:03:20]} Ke3 {[%clk 0:02:18]} 61. a5 {[%clk 0:03:16]} Nxa5
{[%clk 0:02:29]} 62. Nd6 {[%clk 0:03:29]} d4 {[%clk 0:02:24]} 63. f6
{[%clk 0:03:34]} dxc3 {[%clk 0:01:45]} 64. Nxf7 {[%clk 0:03:48]} c2
{[%clk 0:01:40]} 65. Nxg5 {[%clk 0:04:05]} c1=Q {[%clk 0:01:27]} 66. Kxh4
{[%clk 0:03:36]} Qh1 {[%clk 0:01:06]} 67. f7 {[%clk 0:03:21]} Qxh2+
{[%clk 0:01:29]} 68. Nh3 {[%clk 0:03:46]} Qd6 {[%clk 0:01:14]} 69. Kg5
{[%clk 0:03:54]} Bxg4 {[%clk 0:01:20]} 70. Kxg4 {[%clk 0:04:10]} Qe6+
{[%clk 0:01:39]} 71. Kg3 {[%clk 0:04:21]} Qxf7 {[%clk 0:02:02]} 72. Kh2
{[%clk 0:04:44]} Qh5 {[%clk 0:02:18]} 73. Kg1 {[%clk 0:05:01]} Qg4+
{[%clk 0:02:38]} 74. Kh2 {[%clk 0:05:22]} Qxh3+ {[%clk 0:03:04]} 75. Kg1
{[%clk 0:05:47]} Qg4+ {[%clk 0:03:20]} 76. Kf1 {[%clk 0:06:08]} Qe2+
{[%clk 0:03:46]} 77. Kg1 {[%clk 0:06:34]} Kf3 {[%clk 0:04:11]} 78. Kh1
{[%clk 0:07:00]} Qg2# 0-1